000 02306nkm0a2200445 4500
001 RU\NLR\DIGIT\525824
005 20260306161454.0
020 _aRU
_9ЛЕНИНГРАД В ВЕЛИКОЙ ОТЕЧЕСТВЕННОЙ ВОЙНЕ: Печать Ленинграда, 1941 - 1945: каталог изданий, хранящихся в фондах Государственной Публичной библиотеки, вып.2. Листовки,плакаты,открытки,альбомы/Гос.публ.б-ка им.М.Е.Салтыкова-Щедрина. - Ленинград,1972
_b618
035 _a(NLR Aleph) 010459969
090 _a76633
_c76633
100 _a20140811j1941 m y0rusy50 ca
101 0 _arus
102 _aRU
116 _adiycxx zz ad
135 _acrcn 024anaba
200 1 _aПомни о химической опасности
_e[Плакат]
_fХудож. В.А. Николаев
210 _aЛенинград
_cИскусство
_d1941, июль
215 _a1 л.
_d53x36 см
325 _aКопия доступна в электронной библиотеке РНБ
327 0 _aНагл. пособ.
606 1 _aБлокада Ленинграда
_z1941 - 1944
_jПлакаты
_2nlr_sh1
_2nlr_sh2
_3RU\NLR\AUTH\661253360
608 _aПлакаты инструктивно-методические
_2nlr-sh2
610 0 _aПлакаты
702 1 _aНиколаев
_bВ.А.
_cхудожник
_f1906-1943
_gВасилий Александрович
_4040
801 2 _aRU
_bNLR
_c20140811
_2rusmarc
852 _aNLR
_bЛ3-310 п
_j8/1-3
852 _aNLR
_bЭ
_jПлИр995/4-6
_mЭ022543
852 _aNLR
_bЭ
_jПлИр995/4-6
_mЭ022544
852 _aNLR
_bЭ
_jПлИр995/4-6
_mЭпл20227
856 0 _uhttp://vivaldi.nlr.ru/la000070039/view
856 1 _uhttp://vivaldi.nlr.ru/la000070039/cover
856 2 _uhttp://vivaldi.nlr.ru/la000070039/text
942 _cVISUAL
945 _aРоссийская национальная библиотека
980 _aNB
980 _aBV
981 3 7 _a(37) Ленинград в Великой Отечественной войне
981 1 7 _a(17) Изографические материалы
_b(17) Плакаты